[Event "29th Open"]
[Site "Cappelle la Grande FRA"]
[Date "2013.02.24"]
[Round "2.45"]
[White "Maiorov,N1"]
[Black "Vul,A"]
[Result "1-0"]
[WhiteElo "2542"]
[BlackElo "2320"]

1.d4 d5 2.c4 e6 3.Nc3 c6 4.e3 Nf6 5.Nf3 Nbd7 6.Qc2 Bd6 7.b3 O-O 8.Bd3 dxc4
9.bxc4 e5 10.O-O Re8 11.a4 Qe7 12.Ng5 h6 13.Nge4 Bb4 14.Ng3 Nf8 15.Bb2 exd4
16.exd4 Qc7 17.h3 Ne6 18.Nce2 Nf4 19.Nxf4 Qxf4 20.Rad1 Qc7 21.d5 cxd5 22.Bxf6 gxf6
23.Qb2 Bf8 24.cxd5 Bg7 25.d6 Qd8 26.d7 Qxd7 27.Bb5 Qe7 28.Bxe8 Qxe8 29.Nh5 Qe7
30.Nxg7 Kxg7 31.Rfe1 Be6 32.Rd4 Rc8 33.Rg4+ Kh7 34.Rf4 Kg7 35.Re3 Rc5 36.Ref3 Bd5
37.Rg3+ Kf8 38.Re3 Be6 39.Rxf6 Qc7 40.Re1 Rc2 41.Qd4 Rc4 42.Qe3  1-0

[Event "24th Metropolitan GM"]
[Site "Los Angeles USA"]
[Date "2013.02.24"]
[Round "8"]
[White "Molner,M"]
[Black "Sevillano,E"]
[Result "1/2-1/2"]
[WhiteElo "2459"]
[BlackElo "2514"]

1.d4 d5 2.c4 c6 3.Nf3 Nf6 4.Nc3 e6 5.e3 a6 6.Bd3 dxc4 7.Bxc4 b5 8.Bd3 c5
9.a4 b4 10.Ne4 Nbd7 11.b3 cxd4 12.Nxd4 Bb7 13.Nxf6+ Nxf6 14.O-O  1/2-1/2

[Event "Reykjavik Open 2013"]
[Site "Reykjavik ISL"]
[Date "2013.02.26"]
[Round "9.32"]
[White "Guo Qi"]
[Black "Beeke,B"]
[Result "1-0"]
[WhiteElo "2431"]
[BlackElo "2257"]

1.d4 d5 2.c4 c6 3.Nf3 Nf6 4.Nc3 e6 5.e3 Nbd7 6.Bd3 dxc4 7.Bxc4 b5 8.Bd3 Bd6
9.O-O O-O 10.e4 e5 11.Bg5 h6 12.Bh4 exd4 13.Nxd4 Ne5 14.Be2 Re8 15.Rc1 Bb7
16.Nf5 Re6 17.Qb3 Ng6 18.Bg3 Bxg3 19.hxg3 a6 20.Rfd1 Qf8 21.Bc4 bxc4 22.Qxb7 Qb8
23.Qxb8+ Rxb8 24.Rd2 Nxe4 25.Nxe4 Rxe4 26.Nd6 Re6 27.Nxc4 Rb5 28.b3 Ne5 29.Ne3 g6
30.Rd8+ Kg7 31.f4 Nf3+ 32.Kf2 Nh2 33.g4 Rb4 34.Rc4 Rxc4 35.bxc4 Re4 36.g3 h5
37.gxh5 gxh5 38.Rd6 Ng4+ 39.Nxg4 hxg4 40.Rxc6 a5 41.a4 f6 42.Rc5 Kg6 43.Rc8 Kg7
44.c5 Rxa4 45.c6 Rc4 46.Ke3 a4 47.Kd3 Rc1 48.Ke4 a3 49.Ra8 Rxc6 50.Kf5 Rc5+
51.Kxg4 Kg6 52.Rxa3 f5+ 53.Kh4 Rc6 54.Ra8 Rf6 55.Rg8+ Kf7 56.Kg5 Ra6 57.Rb8 Ra3
58.Rb7+ Kg8 59.Kh4  1-0

[Event "29th Open"]
[Site "Cappelle la Grande FRA"]
[Date "2013.02.27"]
[Round "6.28"]
[White "Sasikiran,K"]
[Black "Vul,A"]
[Result "1-0"]
[WhiteElo "2677"]
[BlackElo "2320"]

1.d4 d5 2.c4 e6 3.Nc3 c6 4.e3 Nf6 5.Nf3 Nbd7 6.Qc2 Bd6 7.Bd3 O-O 8.O-O dxc4
9.Bxc4 b5 10.Bd3 Bb7 11.e4 e5 12.h3 a6 13.Rd1 Qc7 14.a4 b4 15.Ne2 c5 16.d5 Rfc8
17.Bc4 a5 18.Bg5 Ne8 19.Ng3 Nb6 20.Nd2 Bf8 21.Nf5 g6 22.Nh6+ Bxh6 23.Bxh6 Nd6
24.b3 Nbxc4 25.bxc4 f6 26.Be3 Ba6 27.Rdc1 Rab8 28.Qd3 Nf7 29.Nb3 Qb6 30.f3 Rb7
31.Ra2 Rbc7 32.Rf2 Re8 33.Kh1 Bc8 34.Bxc5 Rxc5 35.Qe3 Rc6 36.c5 Qc7 37.dxc6 Be6
38.Rd2 Ra8 39.Rd5 Qxc6 40.Qd3 Qxa4 41.c6 Qa3 42.c7 Kg7 43.Ra1 Qb2 44.Raxa5 Rc8
45.Rac5 Qf2 46.Rc2 Qe1+ 47.Kh2 Bxd5 48.Qxd5 Qb1 49.Rc6 Qa2 50.Qe6 Qa8 51.Nc5 Kg8
52.Ra6  1-0

[Event "29th Open"]
[Site "Cappelle la Grande FRA"]
[Date "2013.02.27"]
[Round "6.105"]
[White "Guedon,St"]
[Black "Martynov,P2"]
[Result "0-1"]
[WhiteElo "2212"]
[BlackElo "2323"]

1.d4 d5 2.c4 c6 3.Nf3 Nf6 4.Nc3 e6 5.e3 a6 6.b3 Bb4 7.Bd2 Nbd7 8.Bd3 O-O
9.O-O Bd6 10.Rc1 Re8 11.h3 h6 12.e4 dxc4 13.bxc4 e5 14.c5 Bc7 15.Be3 Qe7
16.Na4 exd4 17.Bxd4 Nh7 18.Qb3 Ng5 19.Nxg5 hxg5 20.Rfe1 Ne5 21.Bf1 Be6 22.Qc3 f6
23.a3 Rad8 24.Rcd1 Qf7 25.Nb6 g4 26.hxg4 Nxg4 27.Bc4 Bxb6 28.Bxe6 Rxe6 29.cxb6 Red6
30.Qf3 Qh5 31.Bc3 Rxd1  0-1

[Event "29th Open"]
[Site "Cappelle la Grande FRA"]
[Date "2013.02.28"]
[Round "7.23"]
[White "Le Roux,JP"]
[Black "Collas,D"]
[Result "1-0"]
[WhiteElo "2564"]
[BlackElo "2404"]

1.d4 d5 2.Nf3 Nf6 3.c4 c6 4.Nc3 e6 5.e3 Nbd7 6.Bd3 dxc4 7.Bxc4 b5 8.Bd3 Bb7
9.e4 b4 10.Na4 c5 11.e5 Nd5 12.Nxc5 Nxc5 13.dxc5 Bxc5 14.O-O h6 15.Nd2 Nc3
16.Qc2 Qd5 17.Nf3 O-O-O 18.Ne1 Qxe5 19.bxc3 Qxc3 20.Qxc3 bxc3 21.Rb1 Kb8
22.Be3 Bxe3 23.fxe3 Rd7 24.Rf4  1-0

[Event "29th Open"]
[Site "Cappelle la Grande FRA"]
[Date "2013.02.28"]
[Round "7.130"]
[White "Fayard,A"]
[Black "Mallevaey,Guillaume"]
[Result "1-0"]
[WhiteElo "2238"]
[BlackElo "1924"]

1.d4 c6 2.c4 d5 3.Nc3 Nf6 4.Nf3 e6 5.e3 Nbd7 6.Bd3 dxc4 7.Bxc4 b5 8.Bd3 Bd6
9.e4 e5 10.Bg5 h6 11.Bh4 a6 12.O-O Bb7 13.dxe5 Nxe5 14.Nxe5 Bxe5 15.f4 Bxc3
16.bxc3 Qb6+ 17.Kh1 c5 18.Qe2 O-O 19.Rae1 Rfe8 20.e5 Nd7 21.Qg4 Nf8 22.Bf6 g6
23.f5 Kh7 24.Re3 c4 25.Rh3 Kg8 26.Rxh6  1-0

[Event "Zagreb Open A 2013"]
[Site "Zagreb CRO"]
[Date "2013.03.01"]
[Round "5.12"]
[White "Zelic,Z"]
[Black "Jelecevic,I"]
[Result "1/2-1/2"]
[WhiteElo "2404"]
[BlackElo "2165"]

1.d4 d5 2.c4 c6 3.Nf3 Nf6 4.e3 e6 5.Nc3 Nbd7 6.Bd3 dxc4 7.Bxc4 b5 8.Bb3 a6
9.O-O c5 10.Qe2 Bd6 11.Rd1 Qe7 12.e4 cxd4 13.Nxd4 Bb7 14.a3 O-O 15.f4 e5
16.Nf5 Bc5+ 17.Kh1 Qe8 18.Bd5 Bxd5 19.exd5 exf4 20.Qxe8 Rfxe8 21.Bxf4 Ng4
22.Bg3 g6 23.Nd4 Ne3 24.Nc6 Nxd1 25.Rxd1 f5 26.h3 g5 27.Bc7 Kf7 28.d6 Rac8
29.Nb4 Ra8 30.Nd3 Ba7 31.b4 Re3 32.Nd5 Re2 33.Kh2 Rae8 34.Nc5 Bxc5 35.bxc5 Nxc5
36.Nb6 Ra2 37.Rd5 Ree2 38.Rxc5 Rxg2+ 39.Kh1 Rh2+  1/2-1/2

[Event "20th Bunratty Masters"]
[Site "Bunratty IRL"]
[Date "2013.03.02"]
[Round "2.3"]
[White "Short,P"]
[Black "Baburin,A"]
[Result "1-0"]
[WhiteElo "2260"]
[BlackElo "2534"]

1.d4 d5 2.Nf3 Nf6 3.c4 e6 4.Nc3 c6 5.e3 Nbd7 6.Bd3 Bd6 7.O-O O-O 8.e4 dxc4
9.Bxc4 e5 10.Bg5 Qe7 11.d5 Nb6 12.Bb3 Bg4 13.h3 Bh5 14.g4 Bg6 15.Nh4 cxd5
16.Nxd5 Nbxd5 17.Bxd5 Qd8 18.Qb3 Be7 19.Bxf6 Bxf6 20.Nxg6 hxg6 21.Qxb7 Rb8
22.Qxa7 Rxb2 23.Rab1 Rxb1 24.Rxb1 Bh4 25.Rb7 Qf6 26.Kg2 Kh7 27.Rxf7 Rxf7
28.Bxf7 Qe7 29.Qxe7 Bxe7 30.Kf3 g5 31.Ke3 Ba3 32.Kd3 g6 33.Kc4 Kg7 34.Be8 Kf6
35.Kd5 Bb2 36.a4 Bc3 37.f3 Be1 38.Kc6 Bd2 39.Kb5 Ke7 40.Bxg6 Kd6 41.a5 Be3
42.Bf5 Kc7 43.a6 Bf2 44.Kc4 Kd6 45.h4 gxh4 46.g5  1-0

[Event "TCh-ISL 2012-13"]
[Site "Reykjavik ISL"]
[Date "2013.03.02"]
[Round "7.6"]
[White "Jensson,E"]
[Black "Bjornsson,Si"]
[Result "1-0"]
[WhiteElo "2303"]
[BlackElo "2401"]

1.c4 c6 2.Nf3 d5 3.e3 Nf6 4.Nc3 e6 5.d4 Nbd7 6.Qc2 Bd6 7.g4 h6 8.Bd2 e5 9.cxd5 cxd5
10.Nb5 Qb6 11.Qa4 Ne4 12.Ba5 Qc6 13.Nxd6+ Qxd6 14.Nxe5 O-O 15.f3 Ng5 16.f4 Ne4
17.Rg1 Nxe5 18.dxe5 Qc5 19.Qa3 Qc6 20.Bd3 Bd7 21.Bc3 Rfc8 22.Bxe4 dxe4 23.O-O-O Be6
24.f5 Bc4 25.g5 Qb6 26.Rd4 Bd3 27.Kd2 hxg5 28.Rd6 Qb5 29.Qb3 Rd8 30.Qxb5 Bxb5
31.Rxg5 f6 32.Rg4 fxe5 33.Rxd8+ Rxd8+ 34.Ke1 Rf8 35.Bxe5 Rxf5 36.Rxg7+ Kf8
37.Bd4 Ba6 38.Rh7 Rg5 39.Kf2 Rf5+ 40.Kg3 Kg8 41.Re7 Bd3 42.Rxb7 a6 43.h4 Be2
44.Re7 Rf3+ 45.Kg2 Bf1+ 46.Kh2 Rh3+ 47.Kg1 Bd3 48.Rg7+ Kf8 49.Rg4 Kf7 50.Rf4+ Kg6
51.Kg2 Rf3 52.Rxf3 exf3+ 53.Kxf3 Kf5 54.Bb6 Bb1 55.a3 Bd3 56.Bd8 Bc2 57.Bc7 Bd3
58.Bb6 Bc2 59.Ke2 Kg4 60.Bd8 Be4 61.Kd2  1-0

[Event "TCh-SVK Extraliga 2012-13"]
[Site "Slovakia SVK"]
[Date "2013.03.02"]
[Round "10.2"]
[White "Rojicek,V"]
[Black "Srvatka,I"]
[Result "1-0"]
[WhiteElo "2450"]
[BlackElo "2178"]

1.d4 Nf6 2.c4 c6 3.Nc3 d5 4.e3 e6 5.Nf3 Nbd7 6.Bd3 dxc4 7.Bxc4 b5 8.Be2 a6
9.e4 c5 10.e5 b4 11.exf6 bxc3 12.fxg7 Bxg7 13.bxc3 Bb7 14.O-O Qc7 15.Be3 O-O
16.Qd2 Rfd8 17.Bh6 Bf6 18.Bg5 Kh8 19.Ne5 Bxe5 20.dxe5 Rg8 21.g3 h6 22.Bd8 Rxg3+
23.fxg3  1-0

[Event "TCh-SVK Extraliga 2012-13"]
[Site "Slovakia SVK"]
[Date "2013.03.02"]
[Round "10.4"]
[White "Dobrotka,M"]
[Black "Schwarz,Du"]
[Result "0-1"]
[WhiteElo "2235"]
[BlackElo "2305"]

1.d4 d5 2.c4 c6 3.e3 Nf6 4.Nc3 e6 5.Nf3 Nbd7 6.Bd3 dxc4 7.Bxc4 b5 8.Be2 Be7
9.O-O O-O 10.Bd2 a6 11.a3 c5 12.dxc5 Nxc5 13.Nd4 Bb7 14.Bf3 Qd7 15.Bxb7 Qxb7
16.Qf3 Qxf3 17.gxf3 Rac8 18.Rfd1 Rfd8 19.Be1 g6 20.b4 Ncd7 21.Nb3 Ne5 22.Kg2 Nd3
23.Bd2 Nd7 24.Ra2 N7e5 25.Nb1 Nc4 26.Kf1 Ncb2 27.Re1 Nxe1 28.Kxe1 Bf6 29.Ke2 Na4
30.Nc1 Bc3 31.Nb3 Bxd2 32.N3xd2 Rc1 33.f4 Rdc8 34.Kf3 f5  0-1

[Event "FIDE Women's World Teams"]
[Site "Astana KAZ"]
[Date "2013.03.03"]
[Round "1.2"]
[White "Mohota,N"]
[Black "Ushenina,A"]
[Result "0-1"]
[WhiteElo "2325"]
[BlackElo "2477"]

1.d4 d5 2.c4 c6 3.Nc3 Nf6 4.e3 e6 5.Nf3 Nbd7 6.Qc2 Bd6 7.e4 dxe4 8.Nxe4 Nxe4
9.Qxe4 c5 10.Bg5 Be7 11.Bxe7 Qa5+ 12.Ke2 Kxe7 13.g3 cxd4 14.Bg2 Nf6 15.Qxd4 Rd8
16.Qe3 Bd7 17.Rhd1 Bc6 18.a3 Qf5 19.Qc3 Kf8 20.Nh4 Qg4+ 21.f3 Qh5 22.b4 a6
23.Ke1 Rac8 24.Rxd8+ Rxd8 25.a4 b6 26.Ra2 Rc8 27.Qd4 a5 28.Kf2 axb4 29.Qxb6 g5
30.f4 Ng4+ 31.Ke1 Bxg2 32.Qxb4+ Kg8 33.Rxg2 gxh4 34.Qb5 Qxb5 35.cxb5 Rc1+
36.Kd2 h3 37.Re2 Ra1 38.Kc3 Rxa4 39.b6 Nf6 40.Rb2 Nd5+ 41.Kc2 Ra8 42.b7 Rb8
43.Kd3 Kf8 44.f5 Ke7 45.fxe6 fxe6 46.Ke4 Kd6 47.Kf3 Kc6 48.Kg4 Rxb7 49.Rc2+ Kd6
50.Kxh3 e5 51.Rc4 Nf6 52.g4 Kd5 53.Rc8 Rg7 54.Rc2 e4 55.Ra2 Nxg4 56.Kh4 e3
57.h3 Ne5  0-1

[Event "TCh-HUN 2012-13"]
[Site "Paks HUN"]
[Date "2013.03.03"]
[Round "8"]
[White "Flumbort,A"]
[Black "Fodor,T jr"]
[Result "1/2-1/2"]
[WhiteElo "2503"]
[BlackElo "2487"]

1.Nf3 d5 2.d4 Nf6 3.c4 c6 4.Nc3 e6 5.e3 Nbd7 6.Bd3 dxc4 7.Bxc4 b5 8.Bd3 Bd6
9.O-O O-O 10.Qc2 Bb7 11.e4 e5 12.h3 h6 13.Rd1 exd4 14.Nxd4 Re8 15.Nf5 Bf8
16.Bf4 b4 17.Ne2 c5 18.Neg3 Qb6 19.Bc4 Ne5 20.Bxe5 Rxe5 21.Qb3 Nxe4 22.Bxf7+ Kh8
23.Bc4 Rae8 24.Nxe4 Rxf5 25.f3 Bxe4 26.fxe4 Rxe4 27.Rf1 Rff4 28.Rxf4 Rxf4
29.Rf1 Qf6 30.Rxf4 Qxf4 31.Qd3 Bd6 32.b3 a5 33.Qd5 Qe3+  1/2-1/2

[Event "3rd Ferdynand Dziedzica Mem"]
[Site "Trzcianka POL"]
[Date "2013.03.03"]
[Round "1.3"]
[White "Kovalenko,I"]
[Black "Jakubowski,Maciej"]
[Result "1-0"]
[WhiteElo "2596"]
[BlackElo "1714"]

1.d4 d5 2.c4 c6 3.Nc3 Nf6 4.e3 e6 5.Nf3 Bd6 6.b3 b6 7.Bb2 Bb7 8.Bd3 Nbd7
9.O-O O-O 10.Qe2 Re8 11.Rac1 Rc8 12.cxd5 cxd5 13.Ba6 Bxa6 14.Qxa6 Ra8 15.Nb5 Ne4
16.Rc2 e5 17.Nxd6 Nxd6 18.dxe5 Nc5 19.Rxc5 bxc5 20.Qxd6 Qxd6 21.exd6 Rad8
22.Ba3 Rxd6 23.Bxc5 Ra6 24.a4 Rb8 25.Nd4 Rc8 26.Ba3 g5 27.g4 Kg7 28.Kg2 Kg6
29.Rd1 h5 30.h3 hxg4 31.hxg4 Rb6 32.Rh1 a5 33.Nf5 f6 34.Ne7+  1-0

[Event "5th Batavia GM 2013"]
[Site "Amsterdam NED"]
[Date "2013.03.04"]
[Round "5.1"]
[White "Greenfeld,A"]
[Black "Kuipers,S"]
[Result "1/2-1/2"]
[WhiteElo "2540"]
[BlackElo "2431"]

1.d4 d5 2.c4 c6 3.Nf3 Nf6 4.Nc3 e6 5.e3 Nbd7 6.Bd3 dxc4 7.Bxc4 b5 8.Bd3 Bd6
9.O-O O-O 10.Bd2 Bb7 11.Rc1 Rc8 12.Ng5 b4 13.Nce4 Nxe4 14.Nxe4 Be7 15.a3 a5
16.axb4 axb4 17.Bb1 c5 18.dxc5 Bxe4 19.Bxe4 Nf6 20.Bf3 Rxc5 21.Qb3 Rxc1 22.Rxc1 Qxd2
23.Rd1 Ne4 24.Rxd2 Nxd2 25.Qa4 Nxf3+ 26.gxf3 Rd8  1/2-1/2

[Event "FIDE Women's World Teams"]
[Site "Astana KAZ"]
[Date "2013.03.04"]
[Round "2.3"]
[White "Zhukova,N"]
[Black "Cosma,E"]
[Result "1/2-1/2"]
[WhiteElo "2471"]
[BlackElo "2336"]

1.d4 d5 2.c4 c6 3.Nc3 Nf6 4.Nf3 e6 5.e3 Nbd7 6.Bd3 dxc4 7.Bxc4 b5 8.Bd3 Bd6
9.a3 O-O 10.Qc2 Bb7 11.Ng5 h6 12.Nge4 Be7 13.b4 a5 14.Rb1 axb4 15.axb4 e5
16.O-O exd4 17.exd4 Nb6 18.Nc5 Bc8 19.Be4 Nbd5 20.Nxd5 Nxd5 21.Qb3 Bxc5 22.dxc5 Be6
23.Qg3 Qb8 24.f4 f5 25.Bb2 Qb7 26.Bf3 Nf6 27.Rfe1 Ne4 28.Qg6 Qf7 29.Bh5 Qxg6
30.Bxg6 Ra2 31.Be5 Nf6 32.Ra1 Rxa1 33.Rxa1 Ng4 34.Bd4 Rd8 35.h3 Bf7 36.Bxf5 g6
37.Bxg4 Rxd4 38.Ra8+ Kg7 39.Bf3 Rxf4 40.Bxc6 Rxb4 41.Ra7 Kf6 42.Bd7 Rc4 43.Bxb5 Ke5  1/2-1/2

[Event "Jersey Masters 2013"]
[Site "St Clement Bay JCI"]
[Date "2013.03.07"]
[Round "3"]
[White "Krasenkow,M"]
[Black "Rausis,I"]
[Result "1/2-1/2"]
[WhiteElo "2643"]
[BlackElo "2518"]

1.Nf3 Nf6 2.c4 c6 3.Nc3 d5 4.e3 e6 5.d4 Nbd7 6.Qc2 Bd6 7.b3 O-O 8.Be2 b6
9.O-O Bb7 10.e4 Nxe4 11.Nxe4 dxe4 12.Qxe4 Nf6 13.Qc2 c5 14.dxc5 Bxc5 15.Bb2 Qe7
16.Ng5 e5 17.Bf3 h6 18.Bxb7 Qxb7 19.Nf3 e4 20.Nh4 Qc6 21.Rae1 Rfe8 22.Bxf6 Qxf6
23.Rxe4 Rxe4 24.Qxe4 Rd8 25.Nf3 Qb2 26.g3 Qxa2 27.Ne5 Qxb3  1/2-1/2

[Event "47th Begonia Open"]
[Site "Ballarat AUS"]
[Date "2013.03.09"]
[Round "2"]
[White "Safarian,Al"]
[Black "Tan,Ju2"]
[Result "0-1"]
[WhiteElo "2023"]
[BlackElo "2269"]

1.d4 d5 2.c4 c6 3.Nc3 Nf6 4.e3 e6 5.Nf3 Nbd7 6.Qc2 Bd6 7.Bd3 O-O 8.O-O dxc4
9.Bxc4 a6 10.a4 c5 11.Rd1 Qc7 12.b3 cxd4 13.Rxd4 b6 14.Qd1 Bc5 15.Rd3 Bb7
16.Rd2 Ne5 17.Nxe5 Qxe5 18.Bb2 Qg5 19.Bf1 Ng4 20.Rc2 Bxe3 21.h3 Nxf2 22.Rxf2 Rad8
23.Qb1 Qg3 24.Ne4 Bxe4 25.Qxe4 Qxf2+ 26.Kh2 Qxb2 27.Rb1 Qf2  0-1

[Event "Frau Bundesliga Div1 2012-13"]
[Site "Germany GER"]
[Date "2013.03.09"]
[Round "10.6"]
[White "Hodova,L"]
[Black "Reiter,B"]
[Result "1/2-1/2"]
[WhiteElo "2099"]
[BlackElo "1842"]

1.d4 d5 2.c4 e6 3.Nf3 c6 4.e3 Nf6 5.Nc3 Bd6 6.Bd3 O-O 7.O-O Nbd7 8.Re1 dxc4
9.Bxc4 e5 10.e4 exd4 11.Nxd4 Ne5 12.Bb3 Nfg4 13.h3 Qh4 14.hxg4 Nxg4 15.Qf3 Bh2+
16.Kf1 Be5 17.Nf5 Nh2+ 18.Ke2 Nxf3 19.Nxh4 Nxh4 20.Kf1 Be6 21.Bxe6 fxe6 22.Be3 b6
23.Red1 Rad8 24.a4 Ng6 25.a5 c5 26.axb6 axb6 27.Rxd8 Rxd8 28.Ra6 Rb8 29.Na4 Bc7
30.Ke2 Ne5 31.Bf4 Rb7 32.Nxb6 Nc6 33.Bxc7 Rxc7 34.Na4 Nd4+ 35.Kd3 e5 36.Nb6 Rc6
37.Ra8+ Kf7 38.Nc4 Kf6 39.Rf8+ Ke7 40.Rb8 Rg6 41.Rb7+ Kf6 42.Rb6+ Ne6 43.g3 Rh6
44.Ne3 Kg5 45.Kc4 Rf6 46.Rc6 h5 47.Kd5 Nd4 48.Rxf6 gxf6 49.Kxc5 Nb3+ 50.Kd5 h4
51.gxh4+ Kxh4 52.Ke6 Kg5 53.Nd5 Nc5+ 54.Ke7 Nxe4 55.f3 Nd2 56.Nxf6 Nxf3 57.Ke6 Kf4
58.Kd5 Kf5 59.Ne4 Nd4 60.b4 Nb5 61.Nc5 Na3 62.Ne4 Nb5 63.Nd2 Kf4 64.Kc5 Na3
65.Nc4 Nxc4 66.Kxc4 e4 67.b5 e3 68.b6 e2 69.b7 e1=Q 70.b8=Q+ Qe5 71.Qb5  1/2-1/2

[Event "TCh-FIN SM 2012-13"]
[Site "Helsinki FIN"]
[Date "2013.03.09"]
[Round "13.4"]
[White "Niemela,A"]
[Black "Tuononen,J"]
[Result "0-1"]
[WhiteElo "2291"]
[BlackElo "2057"]

1.d4 d5 2.Nf3 Nf6 3.c4 c6 4.Nc3 e6 5.e3 Nbd7 6.Bd3 dxc4 7.Bxc4 b5 8.Bd3 a6
9.e4 c5 10.d5 exd5 11.exd5 Bd6 12.O-O O-O 13.Bg5 Qc7 14.a4 c4 15.Bf5 b4 16.Nb1 Bb7
17.Qd4 h6 18.Bxf6 Nxf6 19.Nbd2 Bxd5 20.Rac1 Bc5 21.Qh4 c3 22.bxc3 bxc3 23.Nb1 Bxf3
24.gxf3 Qe5 25.Be4 Rac8 26.Bb7 Rc7 27.Bxa6 Bd6 28.Bd3 Re8 29.Rc2 Qd5 30.Be2 Qf5
31.Bd1 Nd5 32.Qg4 Qe5 33.f4 Nxf4 34.Qg3 Re6 35.Kh1 Rg6 36.Qh4 Be7  0-1

[Event "11th Meurthe Festival"]
[Site "Nancy FRA"]
[Date "2013.03.09"]
[Round "1.2"]
[White "Vachier Lagrave,M"]
[Black "Picard,S"]
[Result "1-0"]
[WhiteElo "2722"]
[BlackElo "2114"]

1.d4 d5 2.c4 e6 3.Nc3 c6 4.e3 Nf6 5.Nf3 Bd6 6.Bd3 O-O 7.O-O Nbd7 8.e4 dxe4
9.Nxe4 Nxe4 10.Bxe4 f5 11.Bc2 e5 12.Bg5 Qe8 13.dxe5 Bxe5 14.Re1 Qg6 15.Nxe5 Nxe5
16.Be7 Re8 17.Rxe5 Be6 18.Qd6 Bxc4 19.Bxf5 Qf7 20.Rae1 g6 21.Bd7 Reb8 22.b3 Bd5
23.Rxd5  1-0

[Event "TCh-AUT 2 West 2012-13"]
[Site "Salzburg AUT"]
[Date "2013.03.09"]
[Round "10.6"]
[White "Durakovic,A"]
[Black "Riediger,M"]
[Result "0-1"]
[WhiteElo "2260"]
[BlackElo "2271"]

1.d4 Nf6 2.c4 c6 3.Nc3 d5 4.e3 e6 5.Nf3 Nbd7 6.Bd3 dxc4 7.Bxc4 b5 8.Be2 a6
9.a3 c5 10.dxc5 Bxc5 11.b4 Be7 12.Nd4 Bb7 13.O-O Rc8 14.Qb3 O-O 15.Rd1 Qc7
16.Bb2 Ne5 17.Rac1 Neg4 18.g3 Qe5 19.h3 Nxf2 20.Kxf2 Rxc3  0-1

[Event "TCh-AUT 2 East 2012-13"]
[Site "Austria AUT"]
[Date "2013.03.10"]
[Round "9.2"]
[White "Schneider Zinner,H"]
[Black "Wagner,Stef AUT"]
[Result "1-0"]
[WhiteElo "2369"]
[BlackElo "2178"]

1.d4 Nf6 2.Nf3 d5 3.c4 c6 4.Nc3 e6 5.e3 Nbd7 6.Bd3 Bd6 7.e4 dxe4 8.Nxe4 Nxe4
9.Bxe4 Nf6 10.Bc2 b6 11.O-O O-O 12.Qd3 h6 13.b3 Bb7 14.Bb2 Re8 15.Rfe1 Qc7
16.c5 Be7 17.Ne5 Rad8 18.Re3 Bxc5 19.Rg3 Bd6 20.Qe2 Qe7 21.Re1 Bb4 22.Rf1 Bd6
23.Bc1 Kf8 24.Qe3 Ng8 25.Qf4 Bxe5 26.dxe5 c5 27.Be3 Qc7 28.Bh7 Rd5 29.Bxg8 g5
30.Qf6 Qxe5 31.Qxf7+  1-0

[Event "TCh-AUT 2 East 2012-13"]
[Site "Austria AUT"]
[Date "2013.03.10"]
[Round "9.2"]
[White "Hagara,E"]
[Black "Kostic,VG"]
[Result "1/2-1/2"]
[WhiteElo "2410"]
[BlackElo "2417"]

1.d4 d5 2.Nf3 c6 3.e3 Nf6 4.c4 e6 5.Nc3 Nbd7 6.cxd5 cxd5 7.Bd2 a6 8.Bd3 Bd6
9.a4 O-O 10.O-O e5 11.dxe5 Nxe5 12.Be2 Qe7 13.Nd4 Rd8 14.Qc2 Bb8 15.Rfd1 Qc7
16.g3 Ba7 17.Rac1 Qe7 18.Qb3 h5 19.Qc2 g6 20.Be1 Bg4 21.Kg2 Qd7 22.f3 Bh3+
23.Kg1 Rac8 24.Bf2 Qe7 25.Qb3 Kg7 26.Rc2 Nc6 27.Rcd2 Na5 28.Qa2 Bb8 29.Nc2 Be6
30.Nd4 Bh3 31.Nc2  1/2-1/2

[Event "UTD Turner GM Invitational 2013"]
[Site "Richardson USA"]
[Date "2013.03.10"]
[Round "4"]
[White "Bercys,S"]
[Black "Berczes,D"]
[Result "1/2-1/2"]
[WhiteElo "2427"]
[BlackElo "2526"]

1.d4 d5 2.c4 e6 3.Nf3 Nf6 4.Nc3 c6 5.e3 Nbd7 6.Qc2 Bd6 7.g4 h6 8.Bd2 b5 9.cxb5 c5
10.h3 Bb7 11.Bg2 Rc8 12.O-O Ne4 13.Rfd1 h5 14.gxh5 Rxh5 15.Be1 Qf6 16.Qe2 Qh6
17.Qf1 Qg6 18.Kh1 Qf6 19.Kg1 Ke7 20.Ne2 Qg6 21.Kh1 Rch8 22.dxc5 Ndxc5 23.Nf4 Bxf4
24.exf4 Qg4 25.Nh2 Qxf4 26.f3 Ng3+ 27.Bxg3 Qxg3 28.Qg1 d4 29.Rxd4 Rg5 30.Rg4 Rxg4
31.Qxc5+ Ke8 32.Nxg4 Bxf3 33.Qc8+ Ke7 34.Qc5+ Ke8 35.Qc8+ Ke7 36.Qc5+ Ke8  1/2-1/2

[Event "TCh-LTU 2013"]
[Site "Vilnius LTU"]
[Date "2013.03.10"]
[Round "6.4"]
[White "Plunge,G"]
[Black "Ivanauskas,Raimundas"]
[Result "1-0"]
[WhiteElo "2042"]
[BlackElo "1729"]

1.d4 d5 2.c4 c6 3.e3 Nf6 4.Nc3 e6 5.Nf3 Nbd7 6.Qc2 Bb4 7.Bd2 a6 8.Bd3 dxc4
9.Bxc4 b5 10.Bd3 c5 11.O-O Bb7 12.Ne5 Rc8 13.Rfd1 Bxc3 14.Nxd7 Qxd7 15.bxc3 O-O
16.Qb1 c4 17.Bf1 Qc7 18.f3 e5 19.Qf5 e4 20.a4 exf3 21.gxf3 Qd7 22.Qxd7 Nxd7
23.Bh3 Rfd8 24.axb5 axb5 25.Kf2 g6 26.e4 Ra8 27.Rxa8 Bxa8 28.Rb1 Nc5 29.Rxb5 Nb3
30.Bg5 Rf8 31.Bf6 h6 32.d5 Kh7 33.d6 Bc6 34.Rb6 Ra8 35.Rxc6 Ra2+ 36.Kg3  1-0

[Event "47th Begonia Open"]
[Site "Ballarat AUS"]
[Date "2013.03.11"]
[Round "7"]
[White "Dale,Ari"]
[Black "Booth,Stew"]
[Result "1-0"]
[WhiteElo "2225"]
[BlackElo "2118"]

1.d4 d5 2.c4 c6 3.Nc3 Nf6 4.e3 e6 5.Nf3 Nbd7 6.b3 Bb4 7.Bd2 Bxc3 8.Bxc3 Ne4
9.Bb2 O-O 10.Bd3 Qa5+ 11.Nd2 f5 12.f3 Nxd2 13.Qxd2 Qxd2+ 14.Kxd2 Nf6 15.Rhc1 Bd7
16.Ba3 Rf7 17.Bd6 Be8 18.c5 g5 19.b4 Bd7 20.a4 Ne8 21.Be5 h5 22.b5 Kh7 23.Rcb1 Kg6
24.a5 cxb5 25.Bxb5 Bc6 26.Bxc6 bxc6 27.a6 Nc7 28.Bxc7 Rxc7 29.Rb7 Rf7 30.Rab1 Re8
31.Rxf7 Kxf7 32.Rb6 Re7 33.Rxc6 Ke8 34.Rd6  1-0

[Event "13th European Seniors"]
[Site "Plovdiv BUL"]
[Date "2013.03.11"]
[Round "1"]
[White "Dumitrascu,C"]
[Black "Sveshnikov,E"]
[Result "1/2-1/2"]
[WhiteElo "2095"]
[BlackElo "2534"]

1.d4 d5 2.Nf3 Nf6 3.c4 e6 4.Nc3 c6 5.e3 Nbd7 6.Qc2 Bd6 7.Bd2 O-O 8.Bd3 dxc4
9.Bxc4 e5 10.O-O-O exd4 11.exd4 Nb6 12.Bd3 Nbd5 13.Ne4 h6 14.h3 Nxe4 15.Bxe4 Be6
16.Kb1 a5 17.a3 Qb6 18.Ka1 Nf6 19.Bd3 Bb3 20.Qc1 Bxd1 21.Rxd1 Qb3 22.Bc4 Qa4
23.Ka2 Nd5 24.b3 Qxa3+ 25.Qxa3 Bxa3 26.Kxa3 Rfd8 27.Re1 b5 28.Bxd5 Rxd5 29.Rc1 Ra6
30.Be3 f6 31.Ne1 g5 32.Nd3 Kf7 33.h4 Rd6 34.hxg5 hxg5 35.Rh1 Kg7 36.Nc5 Ra8
37.g4 Kg6 38.Ne4 Rdd8 39.Ng3 Rh8 40.Rg1 Kf7 41.Nf5 a4 42.bxa4 Rxa4+ 43.Kb3 Ke6
44.Rc1 Kd7 45.Rd1 Ke6  1/2-1/2

[Event "UTD Turner GM Invitational 2013"]
[Site "Richardson USA"]
[Date "2013.03.11"]
[Round "5"]
[White "Chiang,S"]
[Black "Almeida Saenz,A"]
[Result "0-1"]
[WhiteElo "2030"]
[BlackElo "2339"]

1.d4 d5 2.c4 c6 3.Nf3 Nf6 4.Nc3 e6 5.e3 Nbd7 6.Bd3 dxc4 7.Bxc4 b5 8.Bd3 Bb7
9.O-O a6 10.e4 c5 11.d5 c4 12.Bc2 e5 13.Bg5 Qc7 14.Qe2 h6 15.Bd2 Bd6 16.Rac1 Nc5
17.Nh4 g6 18.f4 O-O-O 19.Nf3 Nfd7 20.b4 exf4 21.bxc5 Qxc5+ 22.Kh1 Rhe8 23.Be1 Qa3
24.Rb1 Bc5 25.Bd2 g5 26.Ra1 Bb6 27.Rfb1 f6 28.Nxb5 axb5 29.Rxb5 c3 30.Qc4+ Kb8
31.Bc1 Qa6 32.Rab1 Rc8 33.Qb4 Rc7 34.Rxb6 Nxb6 35.Qxb6 Qxb6 36.Rxb6 f5 37.e5 Ka7
38.Re6 Rxe6 39.dxe6 Be4 40.Bb3 Kb6 41.Nd4 c2 42.Kg1 Rc5 43.Ne2 Bd3 44.Kf2 Rxe5
45.Nc3 Kc7 46.Nd5+ Kb7 47.Nc3 Kc8 48.g3 fxg3+ 49.hxg3 Kd8 50.Ba3 h5 51.Bc1 f4
52.gxf4 gxf4 53.a4 h4 54.Na2 h3 55.Bxf4 Rf5 56.Ke3 Rxf4 57.Kxf4 h2 58.Bd5 Bc4
59.Bxc4 h1=Q 60.Ke3 c1=Q+ 61.Nxc1 Qxc1+ 62.Kd4 Qa1+ 63.Kd3 Qxa4 64.Kc3 Qa3+
65.Kd4 Ke7 66.Ke4 Qc3 67.Kd5 Qb4 68.Kd4 Kd6 69.Kd3 Kc5  0-1

[Event "13th European Seniors"]
[Site "Plovdiv BUL"]
[Date "2013.03.13"]
[Round "3"]
[White "Keze,A"]
[Black "Blaushtain,B"]
[Result "0-1"]
[WhiteElo "1768"]
[BlackElo "2067"]

1.d4 Nf6 2.c4 e6 3.Nf3 d5 4.Nc3 c6 5.e3 Bd6 6.Bd3 Nbd7 7.O-O O-O 8.Re1 dxc4
9.Bxc4 b5 10.Bd3 a6 11.e4 e5 12.Bg5 h6 13.Bxf6 Qxf6 14.d5 c5 15.a4 b4 16.Ne2 a5
17.Rc1 Nb6 18.b3 Bg4 19.Nd2 Qg6 20.f3 Bd7 21.Ng3 Rfe8 22.Qe2 Qg5 23.Nc4 Nxc4
24.Rxc4 g6 25.Qe3 Qh4 26.Qf2 Qe7 27.Kh1 Rf8 28.Rg1 Qg5 29.Nf1 f5 30.exf5 gxf5
31.Qg3 Rf7 32.Qxg5+ hxg5 33.g3 Kg7 34.Kg2 Rh8 35.Rh1 Bc8 36.Rc1 Kf6 37.Ne3 Ke7
38.Nc4 Bc7 39.Rce1 g4 40.fxg4 fxg4 41.Nxe5 Bxe5 42.Rxe5+ Kd6 43.Re2 Rf6 44.Bc4 Bb7  0-1

[Event "Karpos Open 2013"]
[Site "Skopje MKD"]
[Date "2013.03.13"]
[Round "6.6"]
[White "Jankovic,A"]
[Black "Sumets,A"]
[Result "1/2-1/2"]
[WhiteElo "2538"]
[BlackElo "2620"]

1.c4 c6 2.d4 d5 3.Nc3 Nf6 4.e3 e6 5.Nf3 Nbd7 6.Qc2 Bd6 7.g4 dxc4 8.Bxc4 e5
9.g5 Nd5 10.Bd2 exd4 11.Qe4+ Ne7 12.Qxd4 Nf5 13.Qe4+ Ne7 14.Qd4 Nf5 15.Qe4+ Ne7
16.Qd4  1/2-1/2